Κλειδιά της ελληνικής γραμματικής = Keys to Greek grammar
Αποθηκεύτηκε σε:
| Συγγραφή απο Οργανισμό/Αρχή: | |
|---|---|
| Άλλοι συγγραφείς: | |
| Μορφή: | Βιβλίο |
| Γλώσσα: | Greek |
| Δημοσίευση: |
Ρέθυμνο :
Ε.ΔΙΑ.Μ.ΜΕ.,
2003
|
| Θέματα: | |
| Ετικέτες: |
Προσθήκη ετικέτας
Δεν υπάρχουν, Καταχωρήστε ετικέτα πρώτοι!
|
MARC
| LEADER | 00000cam a2200000 i 4500 | ||
|---|---|---|---|
| 001 | 1/57647 | ||
| 008 | 040616s2003 gre d | ||
| 035 | |l 10073808 | ||
| 040 | |a GR-MY-UA |b gre |e aacr | ||
| 041 | 0 | |a gre | |
| 082 | 0 | |a 489.3 | |
| 245 | 0 | 0 | |a Κλειδιά της ελληνικής γραμματικής = |b Keys to Greek grammar / |c Γεωργία Κατσιμαλή ... [κ.ά.] |
| 260 | |a Ρέθυμνο : |b Ε.ΔΙΑ.Μ.ΜΕ., |c 2003 | ||
| 300 | |a 224 σ. | ||
| 650 | 0 | 0 | |a Greek language |x Grammar. |
| 700 | 1 | |a Κατσιμαλή, Γεωργία. | |
| 710 | 2 | |a Πανεπιστήμιο Κρήτης. |b Σχολή Επιστημών Αγωγής. |b Παιδαγωγικό Τμήμα Δημοτικής Εκπαίδευσης. | |
| 852 | |a INST |b RHODES |e 20040616 |h 489.3 ΚΛΕ |p 005400018779 |q 005400018779 |t BK |y 0 | ||
| 852 | |a INST |b RHODES |e 20040616 |h 489.3 ΚΛΕ |p 005400018780 |q 005400018780 |t BK |y 0 | ||
| 901 | |a BIBL4-2004-2 | ||
| 920 | |a ΔΑΜΑΝΑΚΗΣ |b ΜΙΧΑΛΗΣ |y ΡΟΔΟΣ |z 2004-06 | ||
| 970 | |a ΚΟΥΛΑΚΙΟΤΗ |b ΛΙΤΣΑ |z 2004/06/16 | ||